Hamara Rashtriya Dhvaj (Hindi) (Record no. 12891)

MARC details
000 -LEADER
fixed length control field 00343nam a22001457a 4500
003 - CONTROL NUMBER IDENTIFIER
control field OSt
008 - FIXED-LENGTH DATA ELEMENTS--GENERAL INFORMATION
fixed length control field 240831b |||||||| |||| 00| 0 eng d
020 ## - INTERNATIONAL STANDARD BOOK NUMBER
International Standard Book Number 9788123030241
082 ## - DEWEY DECIMAL CLASSIFICATION NUMBER
Classification number 929.9209
Item number SIH
100 ## - MAIN ENTRY--PERSONAL NAME
Personal name SINGH, K V
245 ## - TITLE STATEMENT
Title Hamara Rashtriya Dhvaj (Hindi)
260 ## - PUBLICATION, DISTRIBUTION, ETC. (IMPRINT)
Place of publication, distribution, etc Delhi:
Name of publisher, distributor, etc MIABGI,
Date of publication, distribution, etc 2018.
300 ## - PHYSICAL DESCRIPTION
Extent 197p.
942 ## - ADDED ENTRY ELEMENTS (KOHA)
Source of classification or shelving scheme Dewey Decimal Classification
Koha item type Text Books
Holdings
Withdrawn status Lost status Source of classification or shelving scheme Damaged status Not for loan Collection code Home library Current library Date acquired Source of acquisition Currency Cost, normal purchase price Bill Number Total Checkouts Full call number Acc. no. / Barcode Date last seen Actual Cost, discounted price Bill Date Koha item type
    Dewey Decimal Classification     IKS- Indian Knowledge System PIET C-LIBRARY PIET C-LIBRARY 31/08/2024 Zafaa Books and Distributors INR 450.00 ZBD0153   929.9209 SIH 38441 31/08/2024 360.00 24/08/2024 Text Books

Design & Developed by: PIET Central Library
R70 Miles Stone Pattikalyana Samalkha Panipat 132102
mail ID :- [email protected], Phone No:- 0180-2569700 Ex.216